000 00811nam a2200205Ia 4500
005 20241216011351.0
008 190429s9999||||xx |||||||||||||| ||und||
082 _a610.73069
_bG91
100 _aGUIDOTTI PUCHOC, KARINA MAURICIA Y RAMIREZ ESCOBAR, YANINA JULIA
245 0 _aINFLUENCIA DE LA PRACTICA DE VALORES DEL PERSONAL DE ENFERMERIA EN LA CALIDAD DE ATENCION A PACIENTES EN LOS SERVICIOS DE MEDICINA Y CIRUGIA DEL HOSPITAL FELIX MAYORCA SOTO TARMA MAYO - JULIO DEL 2010
250 _a0
260 _aCERRO DE PASCO-PERU
_bUNDAC
_c2011
300 _a58 pag.
_c30 cm.
341 _h0
490 _v0
_a0
505 _aMATERIAL/METODO/RESULTADOS/DISCUSION/CONCLUSIONES/SUGERENCIAS/RECOMENDACIONES
541 _aD
_bGUIDOTTI PUCHOC KARINA M.
_d23-Oct-13
_oSoles
650 _aEnfermería
942 _cTESIS
999 _c39912
_d39912